| 000 | 00784nam a22002177i 4500 | ||
|---|---|---|---|
| 999 |
_c23010 _d23010 |
||
| 003 | AR-CdUCM | ||
| 008 | 240823b20212021 pe||||| |||| 00| 0 spa d | ||
| 020 | _a978-612-48625-5-7 | ||
| 040 |
_aMUNICIPALIDAD PROVINCIAL DEL CUSCO _cBIBLIOTECA MUNICIPAL DEL CUSCO |
||
| 082 |
_a808.066 / A22C _bA22C |
||
| 100 |
_aAdaui, Katya _950269 |
||
| 245 |
_a¿Cómo Narrarnos? : _bBitácora del taller comunitario de escritura / |
||
| 260 |
_aLima : _bProyecto Especial Bicentenario de la Independencia del Perú, _bMinisterio de Cultura, _c2021 |
||
| 300 |
_a63 páginas. : _c30 cm |
||
| 650 |
_aCreación literaria _96738 |
||
| 650 |
_aMicrorrelatos _950270 |
||
| 650 |
_aNarraciones _9930 |
||
| 856 | _fwww.bicentenario.gob.pe/biblioteca | ||
| 942 |
_2ddc _cLIBROS |
||
| 945 |
_apbj _d2024-08-23 |
||